[Event "D14"]
[Site "?"]
[Date "2020.08.25"]
[Round "11.5"]
[White "Skolska, Emilia"]
[Black "Siekanska, Maria"]
[Result "0-1"]
[BlackElo "1609"]
[WhiteElo "1303"]
[LiveChessVersion "1.4.4"]

1. e4 c5 2. Nf3 e6 3. d4 cxd4 4. Nxd4 Nf6 5. Nc3 d6 6. Be2 Be7 7. Be3 O-O 8. O-O
Nc6 9. Nb3 a6 10. a4 b6 11. f4 Bb7 12. Bf3 Qc7 13. Qd2 Rfd8 14. Qf2 Nd7 15. Rad1
Bf6 16. Bd4 Nxd4 17. Nxd4 Nc5 18. f5 Qe7 19. Rfe1 e5 20. Nde2 d5 21. exd5 e4 22.
Ng3 Bxc3 23. bxc3 Bxd5 24. Rd4 Qc7 25. Nxe4 Bxe4 26. Bxe4 Nxe4 27. Rdxe4 b5 28.
f6 Qxc3 29. Rg4 g6 30. Rf1 Rd6 31. h4 Rad8 32. h5 Rd1 33. hxg6 Rxf1+ 34. Qxf1
hxg6 35. Re4 Qxc2 36. Qf4 bxa4 37. Rxa4 Qc5+ 38. Kh1 Rd1+ 39. Kh2 Qg1+ 40. Kg3
Rd3+ 41. Kh4 Qh1+ 0-1

[Event "D14"]
[Site "?"]
[Date "2020.08.25"]
[Round "11.6"]
[White "Tokarz, Izabela"]
[Black "Giemza, Julia"]
[Result "0-1"]
[BlackElo "1472"]
[WhiteElo "1533"]
[LiveChessVersion "1.4.4"]

1. d4 Nf6 2. c4 g6 3. Nc3 Bg7 4. e4 d6 5. f3 O-O 6. Be3 e5 7. d5 a5 8. g4 Na6 9.
h4 h5 10. Bg5 hxg4 11. fxg4 Qd7 12. Bh3 Nxg4 13. Qe2 f6 14. Bd2 f5 15. Nf3 Nc5
16. Ng5 Nh6 17. O-O-O Qe7 18. Rdg1 f4 19. Qf3 Bd7 20. Nb5 Bc8 21. Bxc8 Rfxc8 22.
h5 Bf6 23. Ne6 g5 24. Nxc5 dxc5 25. Rd1 Rd8 26. Bc3 g4 27. Qf2 b6 28. b3 a4 29.
Kb2 axb3 30. axb3 Nf7 31. h6 Ng5 32. Qg2 g3 33. Rh5 Kh7 34. Rdh1 Ra6 35. Kc2 Ra2+
36. Bb2 Raa8 37. Nc3 Rg8 38. Qe2 Raf8 39. Qg4 Qd8 40. Ne2 Bh8 41. Qh4 Nf3 42. Qh3
g2 43. Rd1 g1=Q 44. Nxg1 Nxg1 45. Qf1 Qe8 46. Rh1 Qg6 47. Rxg1 Qxe4+ 48. Kc1 Rxg1
49. Qxg1 Rg8 50. Qe1 Qf5 51. Rd2 Bf6 52. d6 cxd6 53. Rxd6 Rg2 54. Qd1 Qg5 55.
Qd3+ Kxh6 56. Qh3+ Kg6 57. Rxb6 f3+ 58. Kb1 Qf5+ 59. Qxf5+ Kxf5 60. b4 cxb4 61.
c5 f2 62. c6 f1=Q+ 63. Ka2 Qc4+ 64. Kb1 Rg1+ 65. Bc1 0-1

[Event "D14"]
[Site "?"]
[Date "2020.08.25"]
[Round "11.7"]
[White "Bukala, Weronika"]
[Black "Rejniak, Zuzanna"]
[Result "0-1"]
[BlackElo "1474"]
[WhiteElo "1416"]
[LiveChessVersion "1.4.4"]

1. d4 {[%clk 0:15:19]} f5 {[%clk 0:15:17]} 2. Qd3 {[%clk 0:15:26]} g6
{[%clk 0:15:06]} 3. Nc3 {[%clk 0:15:24]} Bg7 {[%clk 0:13:47]} 4. e4
{[%clk 0:15:23]} d6 {[%clk 0:13:23]} 5. h4 {[%clk 0:14:36]} e5 {[%clk 0:11:17]}
6. dxe5 {[%clk 0:12:38]} dxe5 {[%clk 0:11:25]} 7. Qxd8+ {[%clk 0:12:45]} Kxd8
{[%clk 0:11:33]} 8. h5 {[%clk 0:12:44]} Bf6 {[%clk 0:09:20]} 9. Nf3
{[%clk 0:11:57]} Ne7 {[%clk 0:07:59]} 10. Ng5 {[%clk 0:11:03]} Ke8
{[%clk 0:07:57]} 11. Bc4 {[%clk 0:08:32]} c6 {[%clk 0:04:43]} 12. Nf7
{[%clk 0:04:33]} Rf8 {[%clk 0:04:41]} 13. Nd6+ Kd7 {[%clk 0:04:14]} 14. Bh6
{[%clk 0:04:36]} Rh8 {[%clk 0:02:34]} 15. O-O-O {[%clk 0:01:13]} Kc7
{[%clk 0:02:26]} 16. b3 {[%clk 0:00:56]} b5 {[%clk 0:01:33]} 17. Be2
{[%clk 0:00:32]} Be6 {[%clk 0:01:26]} 18. Be3 {[%clk 0:00:29]} Rd8
{[%clk 0:01:17]} 19. Bc5 {[%clk 0:00:15]} Na6 {[%clk 0:01:11]} 20. Ba3
{[%clk 0:00:23]} b4 {[%clk 0:01:20]} 21. Bxa6 {[%clk 0:00:30]} bxa3
{[%clk 0:01:12]} 22. Nc4 {[%clk 0:00:25]} Bxc4 {[%clk 0:00:46]} 23. Rxd8
{[%clk 0:00:19]} Rxd8 {[%clk 0:00:47]} 24. Bxc4 {[%clk 0:00:28]} Bg5+
{[%clk 0:00:39]} 25. Kb1 {[%clk 0:00:25]} Rd2 {[%clk 0:00:28]} 26. exf5
{[%clk 0:00:16]} gxf5 {[%clk 0:00:36]} 27. Rf1 {[%clk 0:00:15]} Nd5
{[%clk 0:00:33]} 28. Na4 {[%clk 0:00:17]} Nb4 {[%clk 0:00:21]} 29. Nc5
{[%clk 0:00:16]} Kd6 {[%clk 0:00:14]} 30. Ne6 {[%clk 0:00:20]} Bh6
{[%clk 0:00:23]} 31. f4 {[%clk 0:00:14]} exf4 {[%clk 0:00:30]} 32. Re1
{[%clk 0:00:19]} Nxc2 {[%clk 0:00:37]} 33. Rc1 {[%clk 0:00:25]} Ne3
{[%clk 0:00:45]} 34. Nd8 {[%clk 0:00:30]} Nxc4 {[%clk 0:00:52]} 35. bxc4
{[%clk 0:00:36]} Rb2+ {[%clk 0:01:01]} 36. Ka1 {[%clk 0:00:45]} Bg7
{[%clk 0:01:10]} 37. Rd1+ {[%clk 0:00:53]} Rd2+ {[%clk 0:01:18]} 38. Kb1
{[%clk 0:01:00]} Rxd1+ {[%clk 0:01:27]} 39. Kc2 {[%clk 0:01:09]} Ra1
{[%clk 0:01:34]} 40. Kb3 {[%clk 0:01:17]} Rb1+ {[%clk 0:01:41]} 41. Kxa3
{[%clk 0:01:26]} Bf8 {[%clk 0:01:21]} 42. Ka4 {[%clk 0:01:33]} Kd7
{[%clk 0:01:16]} 43. Nf7 {[%clk 0:01:39]} Ra1 {[%clk 0:01:07]} 44. Kb3
{[%clk 0:01:46]} Bg7 {[%clk 0:01:04]} 45. h6 {[%clk 0:01:54]} Bf6
{[%clk 0:01:12]} 46. c5 {[%clk 0:01:58]} Rd1 {[%clk 0:01:17]} 47. Kc2
{[%clk 0:02:04]} Rd5 {[%clk 0:01:24]} 48. Kb3 {[%clk 0:02:11]} Rxc5
{[%clk 0:01:32]} 49. a4 {[%clk 0:02:17]} Ke6 {[%clk 0:01:36]} 50. a5
{[%clk 0:02:26]} Kxf7 {[%clk 0:01:44]} 51. a6 {[%clk 0:02:35]} Rb5+
{[%clk 0:01:53]} 52. Ka2 {[%clk 0:02:42]} c5 {[%clk 0:02:00]} 53. g3
{[%clk 0:02:49]} f3 {[%clk 0:02:06]} 54. Ka3 {[%clk 0:02:57]} Rb8
{[%clk 0:02:15]} 55. Ka4 {[%clk 0:03:05]} f2 {[%clk 0:02:22]} 56. Ka5
{[%clk 0:03:14]} f1=Q {[%clk 0:02:28]} 57. Ka4 {[%clk 0:03:23]} Qa1# 0-1